Prénoms populaires par les deux premières lettres - Statistiques

Statistiques générales
  • Ce quiz a été pris 1 178 fois
  • Le résultat moyen est 48 sur 100
Statistiques - réponses
Hint Réponse % Correct
EM Emma
95%
LO Lou
89%
LE Léa
86%
JA Jade
84%
JU Jules
83%
LE Léo
83%
RO Romane
82%
EV Eva
81%
LO Louis
79%
ZO Zoé
79%
AN Anna
76%
CH Charlotte
75%
CA Camille
74%
LU Lucie
72%
AL Alice
70%
HU Hugo
69%
AX Axel
68%
JU Juliette
68%
AR Arthur
67%
TH Théo
67%
NO Noé
66%
GA Gabriel
65%
LU Lucas
65%
NA Nathan
64%
TO Tom
64%
VI Victor
63%
LO Louise
61%
CH Chloé
60%
JU Julia
60%
LE Léana
60%
ET Ethan
59%
LO Lola
58%
IN Inès
57%
VA Valentin
57%
WI William
57%
LE Léna
56%
AN Antoine
55%
AA Aaron
54%
MA Manon
54%
PA Paul
53%
CL Clément
52%
OL Olivia
51%
RO Rose
51%
JE Jeanne
50%
RA Raphael
50%
NO Noah
49%
AG Agathe
48%
LE Léon
48%
MA Mael
47%
SI Simon
46%
MA Martin
45%
EL Elise
44%
EV Evan
44%
MA Maxime
44%
AD Adèle
43%
AL Alexandre
43%
MA Mathis
43%
MI Mila
43%
NO Noémie
43%
VI Victoria
42%
LI Liam
41%
CH Charlie
40%
IR Iris
40%
BA Baptiste
39%
GA Gabin
39%
MA Mathilde
39%
LI Lina
38%
ES Estéban
37%
MA Mathéo
37%
NO Nolan
37%
CL Clémence
36%
MI Mia
36%
AM Ambre
35%
EN Enzo
35%
RO Romy
35%
AL Alexis
31%
ED Eden
31%
MA Matteo
30%
MA Maxence
30%
TI Timéo
30%
AL Alicia
29%
SA Sacha
29%
EL Elena
28%
AN Anais
27%
MA Margot
27%
EL Eliot
26%
LI Lilou
26%
AD Adam
25%
LE Léonie
25%
MA Margaux
25%
NI Nino
24%
RO Robin
23%
MA Marius
22%
GI Giulia
21%
MA Malo
20%
AU Augustin
17%
AN Andréa
16%
SO Soline
16%
CA Capucine
12%
LE Léandro
10%
Aucun quiz correspondant
Distribution des résultats
% des personnes avec chaque résultat
Percentile par nombre de réponses
Votre historique - résultats
Vous n’avez pas pris ce quiz